ბათუმის შოთა რუსთაველის სახელმწიფო უნივერსიტეტის ბიბლიოთეკა

Неорганическая химия : (ბიბ.ჩანაწერი № 41261)

000 -LEADER
fixed length control field 00781nam a2200241Ia 4500
001 - CONTROL NUMBER
control field 7914
003 - CONTROL NUMBER IDENTIFIER
control field GE_BSU
005 - DATE AND TIME OF LATEST TRANSACTION
control field 20220930122110.0
008 - FIXED-LENGTH DATA ELEMENTS--GENERAL INFORMATION
fixed length control field 181216s2012ru xx |||||||||||||| ||rus||
020 ## - INTERNATIONAL STANDARD BOOK NUMBER
International Standard Book Number 9785991619042
040 ## - CATALOGING SOURCE
Transcribing agency GE_BSU
041 ## - LANGUAGE CODE
Language code of text/sound track or separate title rus
080 ## - UNIVERSAL DECIMAL CLASSIFICATION NUMBER
Universal Decimal Classification number 546(075.8) К-54
100 ## - MAIN ENTRY--PERSONAL NAME
Personal name Князев, Д.А.
9 (RLIN) 14922
245 ## - TITLE STATEMENT
Title Неорганическая химия :
Remainder of title Уч-к для бакалавров /
Statement of responsibility, etc. Д.А. Князев, С.Н. Смарыгин
250 ## - EDITION STATEMENT
Edition statement 4-е изд.
264 ## - PRODUCTION, PUBLICATION, DISTRIBUTION, MANUFACTURE, AND COPYRIGHT NOTICE
Place of production, publication, distribution, manufacture Москва :
Name of producer, publisher, distributor, manufacturer Юрайт,
Date of production, publication, distribution, manufacture, or copyright notice 2012.
300 ## - PHYSICAL DESCRIPTION
Extent 592 стр. :
Dimensions 21см.
653 ## - INDEX TERM--UNCONTROLLED
keyword Неорганическая химия
653 ## - INDEX TERM--UNCONTROLLED
keyword არაორგანული ქიმია
700 ## - ADDED ENTRY--PERSONAL NAME
Personal name Смарыгин, С.Н.
9 (RLIN) 14923
942 ## - ADDED ENTRY ELEMENTS (KOHA)
Koha item type წიგნი
Source of classification or shelving scheme
ეგზემპლარები
Withdrawn status Lost status Source of classification or shelving scheme Damaged status Not for loan Permanent Location Current Location Shelving location Date acquired Cost, normal purchase price Full call number Barcode Date last seen Copy number Price effective from Koha item type Public note
          ბათუმის შოთა რუსთაველის სახელმწიფო უნივერსიტეტის მთავარი ბიბლიოთეკა ბათუმის შოთა რუსთაველის სახელმწიფო უნივერსიტეტის მთავარი ბიბლიოთეკა წიგნსაცავი 2018-12-17 36.00 546(075.8) К-54 24384 2018-12-17 24384 2018-12-17 წიგნი 36.00
          ბათუმის შოთა რუსთაველის სახელმწიფო უნივერსიტეტის მთავარი ბიბლიოთეკა ბათუმის შოთა რუსთაველის სახელმწიფო უნივერსიტეტის მთავარი ბიბლიოთეკა წიგნსაცავი 2018-12-17 36.00 546(075.8) К-54 24385 2018-12-17 24385 2018-12-17 წიგნი 36.00